Welcome to CU Library Online Public Access Catalogue (OPAC)

TOWARDS ENHANCING INNOVATION SYSTEMS PERFORMANCE IN SMALLHOLDER AFRICAN AGRICULTURE (Record no. 7708)

MARC details
000 -LEADER
fixed length control field 00342nam a22001217a 4500
005 - DATE AND TIME OF LATEST TRANSACTION
control field 20250925112233.0
008 - FIXED-LENGTH DATA ELEMENTS--GENERAL INFORMATION
fixed length control field 250925b |||||||| |||| 00| 0 eng d
050 ## - LIBRARY OF CONGRESS CALL NUMBER
Classification number S494
Item number .5.158 TOW
245 ## - TITLE STATEMENT
Title TOWARDS ENHANCING INNOVATION SYSTEMS PERFORMANCE IN SMALLHOLDER AFRICAN AGRICULTURE
260 ## - PUBLICATION, DISTRIBUTION, ETC.
Date of publication, distribution, etc. 2009
300 ## - PHYSICAL DESCRIPTION
Extent vii, 168p
942 ## - ADDED ENTRY ELEMENTS (KOHA)
Source of classification or shelving scheme Library of Congress Classification
Koha item type Books
Suppress in OPAC No
999 ## -
-- 7708
-- 7708
Holdings
Withdrawn status Lost status Source of classification or shelving scheme Damaged status Not for loan Collection Home library Current library Shelving location Date acquired Total checkouts Full call number Barcode Date last seen Copy number Price effective from Koha item type
    Library of Congress Classification     Non-fiction Science Library (Miotso) Science Library (Miotso) General stacks 11/03/2025   S494.5.158 TOW SLM00005201 11/03/2025 1 11/03/2025 Books
    Dewey Decimal Classification     Non-fiction Undergraduate Library (Christ Temple) Undergraduate Library (Christ Temple) General stacks 09/25/2025   S494.5.158 TOW ULCT00005025 09/25/2025 1 09/25/2025 Books
© 2023-2024 Copyright: Central University Libraries. All Rights Reserved | Created by: Mahone Tech Office